Globalizacin̤ y bloques econm̤icos: mitos y realidades Agenda para el desarrollo Volumen 1 /

Detalles Bibliográficos
Autor principal: Calva, Jos ̌Luis
Formato: eBook
Lenguaje:español
Publicado: Ciudad de Mx̌ico: Cm̀ara de Diputados, 2007
Materias:
Acceso en línea:Acceso restringido

MARC

LEADER 00000nam a22000007a 4500
005 20171121190537.0
007 cr|||| ||||
008 171121s2007 mx |||||s|||| 00||0 spa d
020 |a 970-32-3533-6 
035 |a 20838 
040 |a vlex 
090 |c 7215  |d 7215 
100 1 |a Calva, Jos ̌Luis 
245 1 0 |a Globalizacin̤ y bloques econm̤icos: mitos y realidades  |h [Recurso electrn̤ico]:  |b Agenda para el desarrollo Volumen 1 /  |c Jos ̌Luis Calva 
256 |a Servicio en ln̕ea 
260 |a Ciudad de Mx̌ico:  |b Cm̀ara de Diputados,   |c 2007 
300 |a 1 recurso electrn̤ico 
500 |a La tradicin̤ universitaria de “pensar la nacin̤” adquiere en estas primeras dčadas del siglo xxi una trascendencia fundamental, ya que la situacin̤ econm̤ica, polt̕ica y social de Mx̌ico demanda el esfuerzo conjunto tanto del Estado como de la sociedad para definir con claridad el rumbo que deber ̀tomar el pas̕ con el fin de avanzar en la construccin̤ de una realidad ms̀ justa y equitativa para los mexicanos. Siguiendo ese hb̀ito de reflexin̤ profunda e inteligente, la unam convoc ̤a ms̀ de doscientos destacados investigadores de las principales instituciones acadm̌icas, a participar en el seminario “Agenda del Desarrollo 2006-2020”. Democrt̀ico y plural ha sido el ejercicio de anl̀isis y discusin̤ que anim ̤el trabajo que da cuerpo a esta obra, esencial para entender la compleja situacin̤ por la que atraviesa nuestro pas̕ y conocer los caminos por los que podemos transitar como nacin̤. Este primer volumen, junto con el segundo y el tercero, se ocupa del anl̀isis de las realidades del entorno econm̤ico y polt̕ico internacional, as ̕como de las restricciones y mr̀genes de libertad que Mx̌ico tiene dentro de la globalizacin̤ para instrumentar una estrategia eficaz de desarrollo. Su props̤ito es definir, a la luz de nuestras potencialidades y de las experiencias internacionales de desarrollo exitoso, los třminos de una insercin̤ eficiente de Mx̌ico en la mundializacin̤. 
506 1 |a Disponible solo en los productos indicados  |d vLex Global  |d vLex Global (Academic Edition, excluding Law Schools)  |d vLex Global (U.S. Academic Edition, Law Schools)  |d vLex Global (U.S. Academic Edition, excluding Law Schools)  |d vLex Global (Academic Edition, Law Schools) 
650 0 4 |a Derecho Laboral  |z Mx̌ico 
650 0 4 |a Seguridad Social  |z Mx̌ico 
740 0 |a vLex Libros (Servicio en ln̕ea) 
856 4 0 |u http://vlex.com/source/globalizacion-y-bloques-economicos-mitos-y-realidades-agenda-para-el-desarrollo-volumen-1-20838  |z Acceso restringido 
942 |c BOOK 
999 0 |a Labor laws and legislation 
999 0 |a Social security